The little book of Sufi wisdom
| Other Authors: | Baldock, John |
|---|---|
| Published: |
Shaftesbury, Dorset:
Element Books Limited,
1995.
|
| Subjects: |
| LEADER | 00536cam a2200157 7i4500 | ||
|---|---|---|---|
| 001 | 0000049275 | ||
| 005 | 20250107090000.0 | ||
| 020 | |a 185230717X | ||
| 090 | 0 | 0 | |a BP189.3 |b .L59 1995 |
| 245 | 0 | 4 | |a The little book of Sufi wisdom |c compiled by John Baldock. |
| 260 | |a Shaftesbury, Dorset: |b Element Books Limited, |c 1995. | ||
| 300 | |a 48 p.: |b col. ill.; |c 13 cm. | ||
| 650 | 0 | 0 | |a Sufism -- |x Doctrines |
| 700 | 1 | |a Baldock, John | |
| 997 | |a AIDCOMM - Communication and Media, Faculty | ||
| 999 | |a ZARC002619 |b BOK |c OPEN SHELF |e Zainol Ahmad Resource Center | ||


